000 00476nam a22000977a 4500
100 _aAmbily, K.K
245 _aImpact of removal of rubber plantation for urbanization on CO2 mitigating capacity by loss of carbon sink
260 _bPLACROSYM XXIV: Coping with Pandemic and Beyond: Research and Innovations in the Plantation Crops Sector, 14-16 December 2021, Indian Cardamom Research Institute, Kochi, India, Book of Abstracts, pp. 150-152
650 _aCarbon sink
942 _cJS
999 _c74725
_d74725